Методика изучения материалов XXVII съезда КПСС в курсе истории партии

Bibliografiske detaljer
Andre forfattere: Молочко А. Д. (составитель)
Summary:Исключено из фонда НТБ ТПУ
Sprog:russisk
Udgivet: Минск, Университетское, 1986
Format: MixedMaterials Bog
KOHA link:https://koha.lib.tpu.ru/cgi-bin/koha/opac-detail.pl?biblionumber=267766

MARC

LEADER 00000nam0a2200000 4500
001 267766
005 20231031223829.0
020 |a RU  |b 86-98330 
035 |a (RuTPU)RU\TPU\book\290850 
090 |a 267766 
100 |a 20140806d1986 km y0rusy5003 ca 
101 0 |a rus 
102 |a BY 
105 |a y z 000zy 
200 1 |a Методика изучения материалов XXVII съезда КПСС в курсе истории партии  |f сост. А. Д. Молочко 
210 |a Минск  |c Университетское  |d 1986 
215 |a 86 с. 
333 |a Исключено из фонда НТБ ТПУ 
702 1 |a Молочко  |b А. Д.  |4 220 
801 0 |a RU  |b RuMRKP  |c 19950417  |g psbo 
801 1 |a RU  |b 63413507  |c 20140806 
801 2 |a RU  |b 63413507  |c 20220303  |g RCR 
942 |c BK